2 Become 1 - Spice Girls (All Lyrics) - Statistics

General Stats
  • This quiz has been taken 43 times
  • The average score is 273 of 319
Answer Stats
Answer % Correct
Be
100%
be
100%
become
100%
I
100%
is
100%
on,
100%
on
100%
one
100%
the
100%
to
100%
two
100%
when
100%
A
96%
a
96%
it,
96%
it
96%
like
96%
love
96%
love,
96%
night,
96%
tonight
96%
you
96%
you,
96%
baby
92%
baby?
92%
'Cause
92%
for
92%
Get
92%
get
92%
make
92%
never
92%
some
92%
and
88%
before
88%
can
88%
had
88%
I'm
88%
it's
88%
It's
88%
me
88%
need
88%
needed
88%
now
88%
Wanna
88%
We
88%
we
88%
your
88%
little
84%
more
84%
back
80%
Come
80%
Free
80%
free,
80%
only
80%
Set
80%
together
80%
way
80%
bit
76%
boy,
76%
boy
76%
closer,
76%
Say
76%
say
76%
spirit
76%
don't
72%
of
72%
believe
68%
Let's
68%
let's
68%
out,
68%
stranger
68%
dream
64%
mind
64%
real,
64%
were
64%
achieve
60%
forever
60%
good
60%
work
60%
Candle
56%
light
56%
or
56%
Put
56%
put
56%
Take
56%
take
56%
that
56%
wiser,
56%
as
52%
danger
52%
girls
52%
Boys
48%
games
48%
leave
48%
playing
48%
remember,
48%
soul
48%
Are
44%
saying
44%
Silly
44%
both
40%
doubt
40%
Empty
40%
feel
40%
words
40%
endeavour
28%
Any
16%
deal
16%
No matching quizzes found
Score Distribution
Percent of People with Each Score
Percentile by Number Answered
Your Score History
You have not taken this quiz